Normal view
MARC view
- Marriage preparation
Entry Topical Term
001 - CONTROL NUMBER
- control field: 86969
003 - CONTROL NUMBER IDENTIFIER
- control field: OSt
005 - DATE AND TIME OF LATEST TRANSACTION
- control field: 20251203112513.0
008 - FIXED-LENGTH DATA ELEMENTS
- fixed length control field: 251203|| aca||aabn | a|a d
040 ## - CATALOGING SOURCE
- Original cataloging agency: OSt
- Transcribing agency: OSt
150 ## - HEADING--TOPICAL TERM
- Topical term or geographic name as entry element: Marriage preparation
670 ## - SOURCE DATA FOUND
- Source citation: Work cat.: (OSt)49831: (Khmer) Preparation for marriage / , 2015.